Normal view MARC view
  • Khan Ilam

Entry Personal Name

Number of records used in: 1

001 - CONTROL NUMBER

  • control field: 124280

003 - CONTROL NUMBER IDENTIFIER

  • control field: NUST

005 - DATE AND TIME OF LATEST TRANSACTION

  • control field: 20240709161219.0

008 - FIXED-LENGTH DATA ELEMENTS

  • fixed length control field: 240709|| aca||aabn | a|a d

040 ## - CATALOGING SOURCE

  • Original cataloging agency: NUST
  • Transcribing agency: NUST

100 ## - HEADING--PERSONAL NAME

  • Personal name: Khan Ilam

670 ## - SOURCE DATA FOUND

  • Source citation: Work cat.: (NUST): Khan Ilam , Post-Conflict Rehabilitation of Ex-Combatants: An Analysis of Rehabilitation in Swat, Pakistan/
© 2023 Central Library, National University of Sciences and Technology. All Rights Reserved.